Autoatlas Cestovného lexikónu Slovenskej republiky 2003/2004

Podrobná bibliografia
Korporatívny autor: MAPA Slovakia (Bratislava, Slovensko) (Autor)
Médium: Mapa Kniha
Jazyk:slovenčina
Fyzický popis:1 atlas (98 s.) mapy a texty 24 cm
Vydavateľské údaje: Bratislava Astor Slovakia 2003
ISBN:8096830686
Vydanie:[1. vyd.]
Predmet:

MARC

LEADER 00000nam a2200000 a 4500
001 vtls001458689
003 SK-MaSNL
005 20260410084832.0
007 ad cazzn
008 160429s2003 xo bfg e 0 slo
015 |a SNBC2003/04-02134 
020 |a 8096830686 
035 |a SNK000413996 
035 |a urn:nbn:sk:snk-amk0uv 
035 |a urn:nbn:sk:snk-am003wtp 
035 |a 15FD8048-4363-4C05-81C0-D4E2C26AD747 
040 |a SNK  |b slo  |c SNK  |e AACR2 
041 0 |a slo 
043 |a e-xo--- 
044 |a xo  |c SK 
072 7 |a 912  |x Mapy. Atlasy  |2 konspekt 
072 7 |a 656  |x Doprava  |2 konspekt 
110 2 |a MAPA Slovakia (Bratislava, Slovensko)  |4 aut  |9 33173 
245 1 0 |a Autoatlas Cestovného lexikónu Slovenskej republiky 2003/2004  |h kartografický dokument  |c mapové podklady: MAPA Slovakia, Bratislava 
246 3 1 |a Autoatlas der Reiselexikons der Slowakischen Republik 
246 3 1 |a Road atlas of the travel guide of the Slovak republic 
250 |a [1. vyd.] 
255 |a Mierka 1:190 000 
260 |a Bratislava  |b Astor Slovakia  |c 2003 
300 |a 1 atlas (98 s.)  |b mapy a texty  |c 24 cm 
500 |a Obsahuje klad l., mp., plány miest, vysvetl., reg. sídiel, zozn. hranič. priech., tab. vzd. miest Slov. rep. 
650 0 7 |a doprava  |2 SNK  |9 1777 
655 7 |a autoatlasy  |2 SNK  |9 70658 
655 7 |a mapy  |2 SNK  |9 70425 
919 |a 80-968306-8-6 
923 |a autoatlas  |b viazaný  |c pre verejnosť 
999 |c 1073190  |d 1075120 
952 |t P60, <03>, [BOOK], {603}  |a SNK  |b SNK  |y PREZ  |7 0  |p 17A0393787  |o snkSC 101854/2003/2004/B  |i snkKSP 10553/2003  |0 0  |1 0  |4 0  |d 2003-08-19  |f 1  |l 0  |r 2025-09-23 00:00:00  |w 2026-02-24 
952 |t P60, <04>, [BOOK], {604}  |a SNK  |b SNK  |y VYP  |7 0  |p 17A0393799  |o snkSC 101854/2003/2004/B D1  |i snkKSP 10554/2003  |0 0  |1 0  |4 0  |d 2003-08-19  |l 0  |r 2005-01-02 00:00:00  |w 2026-02-24